[Event "Amersham e2e4 Major op"]
[Site "Amersham"]
[Date "2012.05.19"]
[Round "3"]
[White "Roberts, Christine"]
[Black "Smailes, Andrew"]
[Result "0-1"]
[WhiteElo "1310"]
[BlackElo "1454"]
[PlyCount "104"]
[EventDate "2012.05.18"]
[EventType "swiss"]
[EventRounds "5"]
[EventCountry "ENG"]
[SourceTitle "EXT 2014"]
[Source "ChessBase"]
[SourceDate "2013.11.20"]
[SourceVersion "1"]
[SourceVersionDate "2013.11.20"]
[SourceQuality "1"]

1. d4 d5 2. e4 e6 3. Nc3 Bb4 4. Bd2 Bxc3 5. Bxc3 Nf6 6. e5 Nfd7 7. Nf3 0-0 8. Bd3 f6 9. Qe2 f5 10. 0-0-0 c5 11. dxc5 Nxc5 12. Bb4 Nxd3+ 13. Rxd3 Re8 14. Bd2 Nc6 15. h4 b6 16. Qe3 Bb7 17. Rg1 Rf8 18. Ng5 Qe7 19. a3 h6 20. Nf3 f4 21. Qe2 Ba6 22. g4 Bxd3 23. Qxd3 Qc7 24. Re1 Rf7 25. Qg6 Re8 26. g5 Rc8 27. Bc3 d4 28. Bxd4 Nxd4 29. Nxd4 hxg5 30. hxg5 Qc4 31. Qe4 Rd7 32. c3 Qxd4 33. Qxd4 Rxd4 34. Kc2 Rd5 35. Re4 Rcc5 36. Rxf4 Rxe5 37. g6 Rf5 38. Rd4 Rxf2+ 39. Kb3 Rd5 40. Rc4 Rg5 41. Rc8+ Rf8 42. Rc7 Rxg6 43. Rxa7 Re8 44. Kb4 e5 45. c4 Rd6 46. a4 e4 47. Ra6 e3 48. a5 bxa5+ 49. Rxa5 e2 50. c5 e1Q+ 51. Kb5 Rb8+ 52. Ka4 Qa1# 0-1